BFDI All Elimination Order! (SPOILERS) - Statistics

General Stats
  • This quiz has been taken 1,855 times
    62 since last reset
  • The average score is 67 of 110
Answer Stats
Season Place Character % Correct
BFDI 1st Firey
96%
BFDI 3rd Bubble
93%
BFDI 4th Flower
93%
BFDI 2nd Leafy
93%
BFDI 5th Spongy
89%
BFDI 6th Rocky
81%
BFDI 8th David
78%
BFDI 7th Ice Cube
78%
BFDIA 9th Bomby
74%
BFDIA 22nd Donut
74%
BFDIA 21st Dora
74%
BFDIA 16th Firey
74%
BFDIA 14th Gelatin
74%
BFDIA 11th Golf Ball
74%
BFDIA 19th Match
74%
BFB (Pre-Split) 65th Pencil
74%
BFDIA 18th Puffball
74%
BFDIA 17th Rocky
74%
BFDIA 20th Teardrop
74%
BFDIA 15th Yellow Face
74%
BFDIA 4th Coiny
70%
BFB (Post-Split) 1st Flower
70%
BFDIA 6th Fries
70%
BFB (Post-Split) 2nd Gelatin
70%
BFDIA 7th Nickel
70%
BFDI 9th Pencil
70%
BFDIA 8th Pencil
70%
BFDIA 5th Pin
70%
BFDIA 10th Ruby
70%
BFB (Post-Split) 3rd Teardrop
70%
BFDIA 3rd Tennis Ball
70%
BFDI 11th Blocky
67%
BFB (Pre-Split) 64th Bracelety
67%
BFDI 16th Coiny
67%
BFDI 13th Eraser
67%
BFDI 17th Golf Ball
67%
BFB (Post-Split) 4th Leafy
67%
BFB (Pre-Split) 63rd Liy
67%
BFDI 19th Needle
67%
BFDI 12th Pen
67%
BFDI 20th Pin
67%
BFB (Pre-Split) 62nd Roboty
67%
BFDI 18th Teardrop
67%
BFDI 10th Tennis Ball
67%
BFDI 21st Woody
67%
BFB (Pre-Split) 56th Dora
63%
BFDIA 12th Ice Cube
63%
BFB (Post-Split) 5th Lollipop
63%
BFB (Post-Split) 12th Loser
63%
BFDI 14th Match
63%
TPOT 45th Pie
63%
BFB (Post-Split) 13th Ruby
63%
BFDI 15th Snowball
63%
BFDIA 13th Spongy
63%
BFB (Post-Split) 14th Spongy
63%
BFB (Pre-Split) 61st 8-Ball
59%
BFB (Post-Split) 15th Balloony
59%
TPOT 42nd Cloudy
59%
BFB (Pre-Split) 59th David
59%
BFB (Post-Split) 8th Firey
59%
TPOT 44th Foldy
59%
TPOT 41st Naily
59%
TPOT 40th Remote
59%
TPOT 43rd Saw
59%
BFB (Pre-Split) 60th Stapy
59%
BFB (Post-Split) 11th Taco
59%
BFB (Post-Split) 9th Blocky
56%
TPOT 39th Eggy
56%
BFB (Pre-Split) 57th Firey Jr.
56%
TPOT 38th Fries
56%
BFB (Post-Split) 6th Profily
56%
BFB (Post-Split) 7th Woody
56%
TPOT 14th Bottle
52%
BFB (Post-Split) 10th Bubble
52%
TPOT 35th Cake
52%
TPOT 32nd Coiny
52%
BFDIE 1st Fern
52%
BFDIE 12th Hot Dog
52%
BFDIE 8th/7th Jammy
52%
BFB (Pre-Split) 58th Match
52%
BFDIE 4th Money
52%
TPOT 33rd Puffball
52%
BFDIE 9th Rose
52%
BFDIE 2nd Sidewalky
52%
BFDIE 3rd Sticker
52%
TPOT 15th Tree
52%
TPOT 16th TV
52%
BFDIE 10th Beach Ball
48%
TPOT 37th Clock
48%
BFDIE 8th/7th David
48%
TPOT 25th Eraser
48%
TPOT 24th Gaty
48%
TPOT 26th Needle
48%
BFDIE 5th Needy
48%
TPOT 30th Nickel
48%
TPOT 21st Pin
48%
TPOT 34th Rocky
48%
TPOT 23rd Basketball
44%
TPOT 28th Bell
44%
TPOT 29th Bomby
44%
TPOT 20th Ice Cube
44%
TPOT 36th Lightning
44%
BFDIE 11th Money
44%
TPOT 18th Pillow
44%
TPOT 22nd Robot Flower
44%
TPOT 17th Snowball
44%
TPOT 31st Teardrop
44%
TPOT 19th Yellow Face
44%
TPOT 27th Barf Bag
41%
BFDIE 6th Toothpaste
41%
No matching quizzes found
Score Distribution
Percent of People with Each Score
Percentile by Number Answered
Your Score History
You have not taken this quiz since the last reset